Skibidi toilet : Important characters by picture. - Statistics

General Stats
  • This quiz has been taken 364 times
  • The average score is 11 of 15
Answer Stats
Picture Answer % Correct
Titan Cameraman
86%
G-toilet
83%
Plunger Cameraman
81%
Titan Speakerman
81%
Tvwoman
79%
Titan Tvman
78%
Scientist toilet
75%
Speakerwoman
73%
Secret agent
71%
Camerawoman
66%
UFO toilet
66%
Dark Speakerman
65%
Large Tvman
65%
Simp cameraman
61%
Scientist toilet Mech
52%
No matching quizzes found
Score Distribution
Percent of People with Each Score
Percentile by Number Answered
Your Score History
You have not taken this quiz